[Event "DVM U20 2018"]
[Site "Osnabrück GER"]
[Date "2018.12.27"]
[Round "2"]
[White "Karlisch, Moritz"]
[Black "Nagy, Lukas"]
[Result "1-0"]
[Termination "normal"]
[Board "3.6"]
[WhiteElo "1864"]
[BlackElo "1728"]
[WhiteClock "00:30:42"]
[BlackClock "00:39:42"]
[WhiteTeam "SK Doppelbauer Kiel"]
[BlackTeam "Lübecker SV"]
[PlyCount "89"]
[WhiteFideId "12964859"]
[BlackFideId "16246098"]
[EventCountry "GER"]
[EventRounds "7"]
[EventType "team-swiss"]
[EventDate "2018.12.26"]

1. d4 {[%clk 1:30:56]} Nf6 {[%clk 1:30:54]} 2. c4 {[%clk 1:31:20]} e5 {[%clk
1:31:20]} 3. dxe5 {[%clk 1:31:41]} Ng4 {[%clk 1:31:43]} 4. Nf3 {[%clk 1:31:09]}
Bc5 {[%clk 1:32:07]} 5. e3 {[%clk 1:30:15]} Nc6 {[%clk 1:31:15]} 6. Nc3 {[%clk
1:28:21]} O-O {[%clk 1:31:26]} 7. Be2 {[%clk 1:27:49]} Ngxe5 {[%clk 1:30:36]}
8. O-O {[%clk 1:26:57]} a5 {[%clk 1:30:01]} 9. b3 {[%clk 1:23:40]} Nxf3+ {[%clk
1:23:21]} 10. Bxf3 {[%clk 1:23:38]} Ne5 {[%clk 1:23:43]} 11. Be2 {[%clk
1:20:43]} Re8 {[%clk 1:20:46]} 12. Bb2 {[%clk 1:14:50]} Ra6 {[%clk 1:15:34]}
13. Nd5 {[%clk 1:12:47]} Rh6 {[%clk 1:09:26]} 14. g3 {[%clk 0:59:07]} b6 {[%clk
1:03:45]} 15. Bd4 {[%clk 0:52:27]} c6 {[%clk 0:46:14]} 16. Nc3 {[%clk 0:46:12]}
Qe7 {[%clk 0:41:51]} 17. Bxc5 {[%clk 0:34:48]} bxc5 {[%clk 0:42:12]} 18. Re1
{[%clk 0:30:39]} Qe6 {[%clk 0:36:29]} 19. Bf1 {[%clk 0:28:51]} Qf5 20. f4
{[%clk 0:20:59]} Ng4 {[%clk 0:31:18]} 21. e4 {[%clk 0:20:15]} Qh5 {[%clk
0:31:01]} 22. h3 {[%clk 0:19:41]} d6 {[%clk 0:31:29]} 23. Bg2 {[%clk 0:16:45]}
Nf6 {[%clk 0:28:34]} 24. Qxh5 {[%clk 0:14:33]} Nxh5 {[%clk 0:28:34]} 25. Kf2
{[%clk 0:14:32]} Bb7 26. Rad1 {[%clk 0:13:39]} Rg6 {[%clk 0:25:08]} 27. Rd3
{[%clk 0:13:05]} Rge6 {[%clk 0:20:28]} 28. Red1 {[%clk 0:10:21]} d5 {[%clk
0:16:44]} 29. exd5 {[%clk 0:09:11]} cxd5 {[%clk 0:17:04]} 30. Bxd5 {[%clk
0:08:55]} Bxd5 {[%clk 0:16:34]} 31. Rxd5 {[%clk 0:08:56]} Nxg3 {[%clk 0:16:18]}
32. Kxg3 {[%clk 0:05:47]} Re3+ {[%clk 0:16:39]} 33. Kg2 {[%clk 0:05:47]} Rxc3
{[%clk 0:17:00]} 34. R5d3 {[%clk 0:05:09]} Rxd3 {[%clk 0:16:33]} 35. Rxd3
{[%clk 0:05:37]} h6 {[%clk 0:16:47]} 36. Kf3 {[%clk 0:05:00]} a4 {[%clk
0:15:58]} 37. bxa4 {[%clk 0:04:03]} Ra8 {[%clk 0:16:05]} 38. Ra3 {[%clk
0:03:33]} f5 {[%clk 0:16:13]} 39. a5 {[%clk 0:02:57]} Kf7 {[%clk 0:16:14]} 40.
a6 Ke6 {[%clk 0:15:18]} 41. a7 {[%clk 0:01:20]} Kf7 {[%clk 0:12:44]} 42. Ra6
{[%clk 0:01:04]} Ke7 {[%clk 0:10:21]} 43. h4 {[%clk 0:30:45]} Kd7 {[%clk
0:39:23]} 44. Rg6 {[%clk 0:30:20]} Rg8 {[%clk 0:39:42]} 45. Rxg7+ {[%clk
0:30:42]} 1-0

[Event "DVM U20 2018"]
[Site "Osnabrück GER"]
[Date "2018.12.27"]
[Round "2"]
[White "Sieber, Fiona"]
[Black "Grohmann, Alexander"]
[Result "1-0"]
[Termination "normal"]
[Board "4.1"]
[WhiteTitle "WIM"]
[WhiteElo "2262"]
[BlackElo "1985"]
[WhiteClock "01:31:17"]
[BlackClock "01:13:42"]
[WhiteTeam "SG Aufbau Elbe Magdeburg"]
[BlackTeam "FVS ASP Hoyerswerda"]
[PlyCount "71"]
[WhiteFideId "12902373"]
[BlackFideId "12947679"]
[EventCountry "GER"]
[EventRounds "7"]
[EventType "team-swiss"]
[EventDate "2018.12.26"]

1. e4 {[%clk 1:30:58]} c5 {[%clk 1:30:54]} 2. Nf3 {[%clk 1:31:24]} d6 {[%clk
1:31:18]} 3. d4 {[%clk 1:31:51]} cxd4 4. Nxd4 Nf6 {[%clk 1:32:05]} 5. Nc3
{[%clk 1:32:44]} a6 {[%clk 1:32:30]} 6. Be3 e5 {[%clk 1:32:56]} 7. Nb3 {[%clk
1:33:36]} Be7 {[%clk 1:33:22]} 8. f3 {[%clk 1:34:02]} Be6 {[%clk 1:33:49]} 9.
Qd2 {[%clk 1:34:27]} O-O {[%clk 1:34:14]} 10. O-O-O {[%clk 1:34:43]} a5 {[%clk
1:34:41]} 11. a4 {[%clk 1:35:28]} Na6 {[%clk 1:29:06]} 12. g4 {[%clk 1:35:47]}
Nb4 {[%clk 1:22:11]} 13. Kb1 {[%clk 1:34:22]} d5 {[%clk 1:13:42]} 14. g5 {[%clk
1:31:17]} Ne8 {[%clk 1:13:42]} 15. Nxd5 {[%clk 1:31:17]} Bxd5 {[%clk 1:13:42]}
16. exd5 {[%clk 1:31:17]} Nd6 {[%clk 1:13:42]} 17. h4 {[%clk 1:31:17]} Qb8
{[%clk 1:13:42]} 18. Nc5 {[%clk 1:31:17]} Rd8 {[%clk 1:13:42]} 19. c3 {[%clk
1:31:17]} Nxd5 {[%clk 1:13:42]} 20. Bd3 {[%clk 1:31:17]} Nxe3 {[%clk 1:13:42]}
21. Qxe3 {[%clk 1:31:17]} b5 {[%clk 1:13:42]} 22. Qxe5 {[%clk 1:31:17]} Bf8
{[%clk 1:13:42]} 23. Ne4 {[%clk 1:31:17]} bxa4 {[%clk 1:13:42]} 24. Nxd6 {[%clk
1:31:17]} Bxd6 {[%clk 1:13:42]} 25. Qe4 {[%clk 1:31:17]} g6 {[%clk 1:13:42]}
26. Qxa4 {[%clk 1:31:17]} Ra7 {[%clk 1:13:42]} 27. Be4 {[%clk 1:31:17]} Rad7
{[%clk 1:13:42]} 28. Rd4 {[%clk 1:31:17]} Rc7 {[%clk 1:13:42]} 29. Rhd1 {[%clk
1:31:17]} Rcc8 {[%clk 1:13:42]} 30. Ka2 {[%clk 1:31:17]} Bg3 {[%clk 1:13:42]}
31. Bd5 {[%clk 1:31:17]} Be5 {[%clk 1:13:42]} 32. R4d2 {[%clk 1:31:17]} Qc7
{[%clk 1:13:42]} 33. f4 {[%clk 1:31:17]} Bg7 {[%clk 1:13:42]} 34. h5 {[%clk
1:31:17]} Qe7 {[%clk 1:13:42]} 35. Kb1 {[%clk 1:31:17]} Rb8 {[%clk 1:13:42]}
36. Bxf7+ {[%clk 1:31:17]} 1-0

[Event "DVM U20 2018"]
[Site "Osnabrück GER"]
[Date "2018.12.27"]
[Round "2"]
[White "Rössel, Louis"]
[Black "Roseneck, Jonas"]
[Result "0-1"]
[Termination "normal"]
[Board "4.2"]
[WhiteElo "1977"]
[BlackElo "2246"]
[WhiteClock "00:40:00"]
[BlackClock "00:44:44"]
[WhiteTeam "FVS ASP Hoyerswerda"]
[BlackTeam "SG Aufbau Elbe Magdeburg"]
[PlyCount "46"]
[WhiteFideId "12966398"]
[BlackFideId "12939870"]
[EventCountry "GER"]
[EventRounds "7"]
[EventType "team-swiss"]
[EventDate "2018.12.26"]

1. e4 {[%clk 1:30:51]} e5 {[%clk 1:30:55]} 2. Nf3 {[%clk 1:31:15]} Nc6 {[%clk
1:31:22]} 3. Bc4 {[%clk 1:31:38]} Nf6 {[%clk 1:31:47]} 4. d3 {[%clk 1:31:53]}
Be7 {[%clk 1:32:08]} 5. c3 {[%clk 1:32:03]} O-O {[%clk 1:31:36]} 6. Bb3 {[%clk
1:31:46]} d5 {[%clk 1:28:20]} 7. Nbd2 {[%clk 1:30:11]} Be6 {[%clk 1:14:19]} 8.
Qe2 {[%clk 1:23:51]} Re8 {[%clk 1:07:49]} 9. Bc2 {[%clk 1:11:31]} Bf8 {[%clk
1:04:24]} 10. h3 {[%clk 1:06:44]} h6 {[%clk 1:02:52]} 11. Nf1 {[%clk 1:04:58]}
Nh5 {[%clk 0:55:26]} 12. Nxe5 {[%clk 0:54:31]} Nxe5 {[%clk 0:55:33]} 13. Qxh5
{[%clk 0:54:53]} dxe4 {[%clk 0:55:34]} 14. d4 {[%clk 0:52:58]} Nd3+ {[%clk
0:51:43]} 15. Bxd3 {[%clk 0:51:42]} exd3 {[%clk 0:51:55]} 16. Ne3 {[%clk
0:51:31]} c5 {[%clk 0:49:46]} 17. dxc5 {[%clk 0:47:13]} Rc8 {[%clk 0:49:38]}
18. Bd2 {[%clk 0:46:35]} Rxc5 {[%clk 0:49:38]} 19. Qd1 {[%clk 0:45:59]} Qg5
{[%clk 0:44:50]} 20. Qf3 {[%clk 0:44:53]} Bd5 {[%clk 0:44:03]} 21. Qg4 {[%clk
0:43:55]} Bxg2 {[%clk 0:43:55]} 22. Rh2 {[%clk 0:40:12]} Bf3 {[%clk 0:44:21]}
23. Qg3 {[%clk 0:40:00]} Bd6 {[%clk 0:44:44]} 0-1

[Event "DVM U20 2018"]
[Site "Osnabrück GER"]
[Date "2018.12.27"]
[Round "2"]
[White "Biastoch, Bennet"]
[Black "Hassemeier, Mika"]
[Result "1-0"]
[Termination "normal"]
[Board "4.3"]
[WhiteElo "2194"]
[BlackElo "1833"]
[WhiteClock "00:14:34"]
[BlackClock "00:36:59"]
[WhiteTeam "SG Aufbau Elbe Magdeburg"]
[BlackTeam "FVS ASP Hoyerswerda"]
[PlyCount "69"]
[WhiteFideId "12939889"]
[BlackFideId "12994880"]
[EventCountry "GER"]
[EventRounds "7"]
[EventType "team-swiss"]
[EventDate "2018.12.26"]

1. e4 {[%clk 1:30:57]} c5 {[%clk 1:30:55]} 2. Nf3 {[%clk 1:31:20]} d6 {[%clk
1:31:19]} 3. d4 {[%clk 1:31:33]} cxd4 {[%clk 1:31:43]} 4. Nxd4 {[%clk 1:31:45]}
Nf6 {[%clk 1:32:08]} 5. Nc3 {[%clk 1:32:00]} a6 {[%clk 1:32:32]} 6. Be3 {[%clk
1:31:19]} e5 {[%clk 1:32:52]} 7. Nf3 {[%clk 1:30:21]} Be7 {[%clk 1:31:50]} 8.
Bc4 {[%clk 1:27:26]} O-O {[%clk 1:28:42]} 9. O-O {[%clk 1:21:35]} Bg4 {[%clk
1:26:47]} 10. h3 {[%clk 1:18:16]} Bh5 {[%clk 1:26:49]} 11. Bg5 {[%clk 1:15:36]}
Nc6 {[%clk 1:23:38]} 12. Bxf6 {[%clk 1:08:00]} Bxf6 {[%clk 1:22:48]} 13. Nd5
{[%clk 1:06:17]} Bg5 {[%clk 1:18:57]} 14. Qd3 {[%clk 1:01:25]} Bxf3 {[%clk
1:17:43]} 15. Qxf3 {[%clk 1:01:22]} Nd4 {[%clk 1:17:52]} 16. Qd3 {[%clk
1:00:37]} Rc8 {[%clk 1:13:56]} 17. c3 {[%clk 0:55:27]} Ne6 {[%clk 1:10:08]} 18.
a4 {[%clk 0:48:18]} Nf4 {[%clk 1:08:54]} 19. Nxf4 {[%clk 0:46:40]} Bxf4 {[%clk
1:08:21]} 20. Bd5 {[%clk 0:41:58]} Rc7 {[%clk 1:05:00]} 21. a5 Kh8 {[%clk
0:56:14]} 22. b4 {[%clk 0:38:08]} Bg5 {[%clk 0:49:48]} 23. b5 {[%clk 0:35:13]}
Qc8 {[%clk 0:48:09]} 24. Ra3 {[%clk 0:33:43]} axb5 {[%clk 0:45:00]} 25. Qxb5
{[%clk 0:29:55]} Rxc3 {[%clk 0:45:02]} 26. Bxb7 {[%clk 0:22:56]} Qc7 {[%clk
0:44:00]} 27. Rxc3 {[%clk 0:22:59]} Qxc3 {[%clk 0:44:23]} 28. a6 {[%clk
0:23:02]} Qd4 {[%clk 0:44:26]} 29. Qd5 Qb6 {[%clk 0:41:17]} 30. Qc6 {[%clk
0:18:49]} Qd4 {[%clk 0:41:09]} 31. Qd7 {[%clk 0:17:16]} Bh4 {[%clk 0:40:25]}
32. Bd5 {[%clk 0:15:50]} Rb8 {[%clk 0:36:13]} 33. a7 {[%clk 0:14:15]} Bxf2+
{[%clk 0:36:34]} 34. Rxf2 {[%clk 0:14:34]} Rb1+ {[%clk 0:36:59]} 35. Kh2 1-0

[Event "DVM U20 2018"]
[Site "Osnabrück GER"]
[Date "2018.12.27"]
[Round "2"]
[White "Klinkhart, Thorbjörn"]
[Black "Röhr, Tobias"]
[Result "0-1"]
[Termination "normal"]
[Board "4.4"]
[WhiteElo "1912"]
[BlackElo "2189"]
[WhiteClock "00:37:44"]
[BlackClock "00:46:04"]
[WhiteTeam "FVS ASP Hoyerswerda"]
[BlackTeam "SG Aufbau Elbe Magdeburg"]
[PlyCount "54"]
[WhiteFideId "12966428"]
[BlackFideId "12963089"]
[EventCountry "GER"]
[EventRounds "7"]
[EventType "team-swiss"]
[EventDate "2018.12.26"]

1. f4 {[%clk 1:30:55]} c5 {[%clk 1:30:53]} 2. b3 {[%clk 1:31:18]} Nf6 {[%clk
1:30:34]} 3. Nf3 {[%clk 1:31:41]} g6 {[%clk 1:30:59]} 4. Bb2 {[%clk 1:32:05]}
Bg7 {[%clk 1:31:08]} 5. e3 {[%clk 1:32:28]} O-O {[%clk 1:30:21]} 6. Be2 {[%clk
1:32:51]} b6 {[%clk 1:26:18]} 7. O-O {[%clk 1:33:13]} Bb7 {[%clk 1:25:37]} 8.
Ne5 {[%clk 1:30:19]} d6 {[%clk 1:21:49]} 9. Bf3 {[%clk 1:27:54]} Bxf3 {[%clk
1:19:00]} 10. Nxf3 {[%clk 1:28:21]} Nc6 {[%clk 1:16:17]} 11. Qe2 Qc7 {[%clk
1:08:27]} 12. d3 {[%clk 1:25:37]} e5 {[%clk 1:03:45]} 13. fxe5 {[%clk 1:25:44]}
dxe5 {[%clk 1:02:40]} 14. e4 {[%clk 1:24:36]} Nd4 {[%clk 1:00:17]} 15. Bxd4
{[%clk 1:23:33]} cxd4 {[%clk 0:59:59]} 16. a4 {[%clk 1:17:56]} Ng4 17. Nxd4
{[%clk 0:52:52]} Qc5 {[%clk 0:55:36]} 18. Kh1 {[%clk 0:48:44]} Qxd4 {[%clk
0:55:48]} 19. c3 {[%clk 0:48:56]} Qd7 {[%clk 0:56:11]} 20. h3 {[%clk 0:48:15]}
Nf6 {[%clk 0:56:26]} 21. g4 {[%clk 0:46:15]} Rad8 {[%clk 0:49:14]} 22. Rf3
{[%clk 0:45:11]} h5 {[%clk 0:48:53]} 23. g5 {[%clk 0:44:25]} Nh7 {[%clk
0:47:51]} 24. h4 {[%clk 0:42:26]} Qg4 {[%clk 0:47:43]} 25. Qf2 {[%clk 0:41:41]}
f6 26. gxf6 {[%clk 0:40:23]} Rxf6 {[%clk 0:47:27]} 27. Rxf6 {[%clk 0:37:44]}
Nxf6 {[%clk 0:46:04]} 0-1

[Event "DVM U20 2018"]
[Site "Osnabrück GER"]
[Date "2018.12.27"]
[Round "2"]
[White "Hoffmann, Lennard"]
[Black "Laskow, Vincent"]
[Result "0-1"]
[Termination "normal"]
[Board "4.5"]
[WhiteElo "1995"]
[BlackElo "1840"]
[WhiteClock "00:32:32"]
[BlackClock "00:18:29"]
[WhiteTeam "SG Aufbau Elbe Magdeburg"]
[BlackTeam "FVS ASP Hoyerswerda"]
[PlyCount "82"]
[WhiteFideId "12943495"]
[BlackFideId "12947652"]
[EventCountry "GER"]
[EventRounds "7"]
[EventType "team-swiss"]
[EventDate "2018.12.26"]

1. e4 {[%clk 1:30:58]} c5 {[%clk 1:30:57]} 2. Nf3 {[%clk 1:31:24]} d6 3. d4
{[%clk 1:31:49]} cxd4 {[%clk 1:31:47]} 4. Nxd4 {[%clk 1:32:14]} Nf6 {[%clk
1:32:15]} 5. Nc3 {[%clk 1:32:37]} a6 {[%clk 1:32:42]} 6. Be3 {[%clk 1:32:33]}
e5 {[%clk 1:33:08]} 7. Nb3 {[%clk 1:32:54]} Be7 {[%clk 1:33:31]} 8. h3 {[%clk
1:33:16]} Be6 {[%clk 1:32:36]} 9. f4 exf4 {[%clk 1:31:30]} 10. Bxf4 {[%clk
1:33:24]} Nc6 11. Qe2 Qc7 {[%clk 1:26:30]} 12. O-O-O {[%clk 1:31:10]} O-O
{[%clk 1:25:17]} 13. Kb1 {[%clk 1:29:09]} b5 14. g4 b4 {[%clk 1:16:29]} 15. Nd5
{[%clk 1:27:56]} Bxd5 {[%clk 1:16:51]} 16. exd5 {[%clk 1:28:22]} Ne5 17. g5
{[%clk 1:23:29]} Nfd7 {[%clk 1:14:31]} 18. Nd4 {[%clk 1:17:21]} Rfc8 19. Qg2
{[%clk 1:16:15]} Bf8 {[%clk 1:00:04]} 20. h4 Nb6 21. Bxe5 {[%clk 0:58:18]} dxe5
{[%clk 0:49:19]} 22. Nc6 {[%clk 0:47:19]} Qd6 23. Qe4 g6 {[%clk 0:35:52]} 24.
Bg2 {[%clk 0:46:59]} Bg7 {[%clk 0:32:36]} 25. h5 Rc7 {[%clk 0:32:17]} 26. hxg6
{[%clk 0:45:13]} fxg6 {[%clk 0:27:49]} 27. Nxb4 {[%clk 0:35:42]} Rc4 {[%clk
0:25:32]} 28. Qd3 Rd4 29. Qa3 {[%clk 0:33:30]} Qxb4 {[%clk 0:25:35]} 30. Rxd4
{[%clk 0:33:33]} Qxa3 31. bxa3 {[%clk 0:33:12]} exd4 {[%clk 0:26:10]} 32. Bh3
{[%clk 0:33:34]} Rd8 {[%clk 0:24:25]} 33. Be6+ {[%clk 0:33:58]} Kh8 {[%clk
0:24:31]} 34. Bf7 {[%clk 0:34:18]} Rd6 {[%clk 0:24:06]} 35. Re1 {[%clk
0:34:41]} Bf8 36. Rf1 Be7 {[%clk 0:22:19]} 37. Be6 {[%clk 0:30:56]} Bxg5 {[%clk
0:21:00]} 38. Rf8+ {[%clk 0:31:15]} Kg7 {[%clk 0:21:24]} 39. Rf7+ {[%clk
0:31:39]} Kh6 {[%clk 0:21:50]} 40. Ra7 {[%clk 0:32:07]} Nxd5 {[%clk 0:19:56]}
41. Bg8 {[%clk 0:32:32]} Nf6 {[%clk 0:18:29]} 0-1

[Event "DVM U20 2018"]
[Site "Osnabrück GER"]
[Date "2018.12.27"]
[Round "2"]
[White "Wierick, Dennis"]
[Black "von Angern, Cedric"]
[Result "0-1"]
[Termination "normal"]
[Board "4.6"]
[WhiteElo "1455"]
[BlackElo "1760"]
[WhiteClock "00:26:56"]
[BlackClock "00:35:40"]
[WhiteTeam "FVS ASP Hoyerswerda"]
[BlackTeam "SG Aufbau Elbe Magdeburg"]
[PlyCount "50"]
[WhiteFideId "16274768"]
[BlackFideId "12921106"]
[EventCountry "GER"]
[EventRounds "7"]
[EventType "team-swiss"]
[EventDate "2018.12.26"]

1. d4 {[%clk 1:30:52]} Nf6 {[%clk 1:30:50]} 2. Nf3 {[%clk 1:31:03]} g6 {[%clk
1:31:06]} 3. e3 {[%clk 1:30:49]} Bg7 {[%clk 1:30:54]} 4. Nbd2 {[%clk 1:30:22]}
d5 {[%clk 1:31:07]} 5. c3 {[%clk 1:30:17]} O-O {[%clk 1:30:52]} 6. Bd3 {[%clk
1:29:41]} Nbd7 {[%clk 1:29:31]} 7. O-O {[%clk 1:27:48]} Re8 {[%clk 1:27:30]} 8.
e4 {[%clk 1:27:44]} dxe4 {[%clk 1:23:29]} 9. Nxe4 {[%clk 1:27:41]} Nxe4 {[%clk
1:21:00]} 10. Bxe4 {[%clk 1:27:59]} c5 {[%clk 1:18:19]} 11. Be3 {[%clk
1:23:25]} Qc7 {[%clk 1:12:47]} 12. Qd2 {[%clk 1:17:08]} cxd4 {[%clk 1:10:14]}
13. Nxd4 {[%clk 1:15:31]} a6 {[%clk 1:09:38]} 14. f4 {[%clk 1:12:38]} Nf6
{[%clk 1:06:00]} 15. Bc2 Nd5 {[%clk 1:02:03]} 16. f5 {[%clk 1:08:36]} Nxe3
{[%clk 0:59:45]} 17. Qxe3 {[%clk 1:08:49]} Qb6 {[%clk 0:54:19]} 18. fxg6 {[%clk
1:01:41]} hxg6 {[%clk 0:50:31]} 19. Qf2 {[%clk 0:54:04]} Bxd4 {[%clk 0:49:11]}
20. cxd4 {[%clk 0:51:09]} Be6 {[%clk 0:47:58]} 21. b3 {[%clk 0:48:22]} Red8
{[%clk 0:45:20]} 22. Rad1 Rd7 {[%clk 0:40:39]} 23. Rd3 {[%clk 0:38:19]} Rad8
24. Kh1 {[%clk 0:29:28]} Rxd4 {[%clk 0:35:23]} 25. Rfd1 {[%clk 0:26:56]} Rxd3
{[%clk 0:35:40]} 0-1

[Event "DVM U20 2018"]
[Site "Osnabrück GER"]
[Date "2018.12.27"]
[Round "2"]
[White "Burian, Simon"]
[Black "Goldbeck, Lars"]
[Result "0-1"]
[Termination "normal"]
[Board "5.2"]
[WhiteElo "2129"]
[BlackElo "2172"]
[WhiteTeam "SK König Plauen"]
[BlackTeam "SC Bavaria Regensburg"]
[PlyCount "96"]
[WhiteFideId "12956902"]
[BlackFideId "16208188"]
[EventCountry "GER"]
[EventRounds "7"]
[EventType "team-swiss"]
[EventDate "2018.12.26"]

{[%evp 0,96,23,25,48,48,99,89,88,55,58,40,72,63,95,19,36,17,34,34,36,20,10,10,
42,15,-14,-20,-8,-12,12,-42,-49,-41,-40,-79,-35,-43,-46,-72,-29,-34,-34,-34,-4,
-20,-20,-39,-19,-70,-19,-64,-33,-26,-73,-65,-65,-90,-111,-113,-123,-132,-142,
-199,-173,-256,-220,-222,-262,-294,-288,-288,-233,-266,-254,-283,-243,-263,
-224,-259,-275,-265,-272,-261,-281,-281,-287,-256,-246,-505,-371,-367,-393,
-415,-429,-408,-418,-581,-559]} 1. e4 c5 2. Nf3 d6 3. d4 Nf6 4. Nc3 cxd4 5.
Nxd4 a6 6. Bg5 e6 7. f4 Be7 8. Qf3 Qc7 9. O-O-O Nbd7 10. Bd3 h6 11. Bh4 g5 12.
fxg5 Ne5 13. Qe2 Nfg4 14. Nf3 Nxf3 15. gxf3 hxg5 16. Bg3 Ne5 17. f4 gxf4 18.
Bxf4 Bd7 19. Rdf1 Bf6 20. Bd2 Be7 21. Bf4 Rh7 22. Kb1 O-O-O 23. Rhg1 Kb8 24.
Rf2 Bf6 25. Nd1 Ng6 26. Bg5 Bxg5 27. Rxg5 e5 28. Rxf7 Rxf7 29. Rxg6 Bc6 30. c4
Rdf8 31. Rg2 Rf1 32. Rg4 Qa5 33. Qc2 Rh1 34. Rg2 Qe1 35. Kc1 Ka7 36. b3 Qe3+
37. Kb2 Qd4+ 38. Nc3 Rf4 39. Qe2 Rg1 40. Rxg1 Qxg1 41. Bc2 Qd4 42. Qd3 Rf2 43.
Kc1 Rxh2 44. Ne2 Qxd3 45. Bxd3 Bxe4 46. Bxe4 Rxe2 47. Bc2 b5 48. Kb2 b4 0-1

[Event "DVM U20 2018"]
[Site "Osnabrück GER"]
[Date "2018.12.27"]
[Round "2"]
[White "Dechant, Georg"]
[Black "Linnert, Niklas"]
[Result "0-1"]
[Termination "normal"]
[Board "5.3"]
[WhiteElo "2104"]
[BlackElo "1939"]
[WhiteTeam "SC Bavaria Regensburg"]
[BlackTeam "SK König Plauen"]
[PlyCount "82"]
[WhiteFideId "12956716"]
[BlackFideId "12974781"]
[EventCountry "GER"]
[EventRounds "7"]
[EventType "team-swiss"]
[EventDate "2018.12.26"]

{normal} 1. e4 c5 2. Nf3 d6 3. d4 cxd4 4. Nxd4 Nf6 5. Nc3 a6 6. f4 e5 7. Nf3
Nbd7 8. Qe2 Qc7 9. Qc4 Qxc4 10. Bxc4 b5 11. Bd5 Rb8 12. a3 Be7 13. Be3 Nxd5 14.
Nxd5 Bb7 15. O-O-O Bxd5 16. exd5 e4 17. Nd4 Rc8 18. Nf5 g6 19. Bd4 gxf5 20.
Bxh8 f6 21. g4 fxg4 22. Rhg1 Kf7 23. Rxg4 Rxh8 24. f5 Nc5 25. b4 Na4 26. Rd2
Bf8 27. Rh4 h5 28. Kd1 Bh6 29. Rg2 Nc3+ 30. Ke1 Bg5 31. Rh3 Nxd5 32. Rb3 h4 33.
Rg4 Re8 34. Ke2 Nb6 35. Rc3 Nc4 36. Rg1 d5 37. Rd1 Rd8 38. Rd4 Ke7 39. Rh3 Kd6
40. Rd1 Ke5 41. Rf1 d4 0-1

[Event "DVM U20 2018"]
[Site "Osnabrück GER"]
[Date "2018.12.27"]
[Round "2"]
[White "Reindl, Arno"]
[Black "Wacker, Felix"]
[Result "1/2-1/2"]
[Termination "normal"]
[Board "6.1"]
[WhiteElo "2053"]
[BlackElo "1999"]
[WhiteTeam "SG Schwäbisch Gmünd"]
[BlackTeam "SC 1997 Lambsheim"]
[PlyCount "113"]
[WhiteFideId "12946729"]
[BlackFideId "12953040"]
[EventCountry "GER"]
[EventRounds "7"]
[EventType "team-swiss"]
[EventDate "2018.12.26"]

{unterminated} 1. e4 c5 2. Nf3 d6 3. d4 cxd4 4. Qxd4 Nc6 5. Bb5 Bd7 6. Bxc6
Bxc6 7. Nc3 Nf6 8. Bg5 Nd7 9. O-O Qb6 10. Nd5 Qxd4 11. Nxd4 Rc8 12. Rfe1 e6 13.
Nxc6 bxc6 14. Nc3 Be7 15. Be3 a6 16. Na4 Rb8 17. c4 Bf6 18. Rad1 Be7 19. b3 O-O
20. f4 f6 21. Rd3 e5 22. f5 Kf7 23. Red1 g6 24. c5 Nxc5 25. Nxc5 dxc5 26. Rd7
gxf5 27. Bxc5 Rfe8 28. exf5 Rb5 29. b4 Kf8 30. Rxe7 Rxe7 31. a4 Rbb7 32. Rd8+
Kf7 33. Bxe7 Kxe7 34. Ra8 Rxb4 35. Rxa6 Kd6 36. a5 Rb2 37. Ra8 Ra2 38. g4 e4
39. Re8 Kd5 40. g5 Rxa5 41. gxf6 Ra7 42. Re7 Ra8 43. Kf2 Rf8 44. f7 Kd4 45. Rc7
Ke5 46. Ke3 Kxf5 47. Rxc6 Rxf7 48. Rc5+ Kg4 49. Kxe4 Rf2 50. h3+ Kh4 51. Ke3
Rf7 52. Rd5 Kxh3 53. Rg5 Kh4 54. Rg1 h5 55. Ke2 Kh3 56. Rf1 Ra7 57. Kf2 1/2-1/2

[Event "DVM U20 2018"]
[Site "Osnabrück GER"]
[Date "2018.12.27"]
[Round "2"]
[White "Baars, Mario"]
[Black "Wacker, Andreas"]
[Result "0-1"]
[Termination "normal"]
[Board "6.3"]
[WhiteElo "1840"]
[BlackElo "1863"]
[WhiteTeam "SG Schwäbisch Gmünd"]
[BlackTeam "SC 1997 Lambsheim"]
[PlyCount "56"]
[WhiteFideId "16200160"]
[BlackFideId "12953083"]
[EventCountry "GER"]
[EventRounds "7"]
[EventType "team-swiss"]
[EventDate "2018.12.26"]

{unterminated} 1. d4 Nf6 2. c4 g6 3. Nc3 d5 4. cxd5 Nxd5 5. e4 Nxc3 6. bxc3 Bg7
7. Bc4 O-O 8. Ne2 c5 9. O-O Nc6 10. Be3 cxd4 11. cxd4 b6 12. Rc1 Bb7 13. Qd2
Rc8 14. Rfd1 Na5 15. Bd3 Qd7 16. Bh6 Bxh6 17. Qxh6 Qa4 18. Bb1 Ba6 19. Ng3 Rxc1
20. Qxc1 Rc8 21. Qd2 Nc4 22. Qe1 Nb2 23. Rd2 Qa5 24. Nf1 Na4 25. f3 Nc3 26. Bd3
Nxa2 27. Bxa6 Qxa6 28. Qa1 Rc1 0-1

[Event "DVM U20 2018"]
[Site "Osnabrück GER"]
[Date "2018.12.27"]
[Round "2"]
[White "Lang, Thomas"]
[Black "Saive, Philipp"]
[Result "1-0"]
[Termination "normal"]
[Board "6.5"]
[WhiteElo "1757"]
[BlackElo "1715"]
[WhiteTeam "SG Schwäbisch Gmünd"]
[BlackTeam "SC 1997 Lambsheim"]
[PlyCount "119"]
[WhiteFideId "12982520"]
[BlackFideId "16274792"]
[EventCountry "GER"]
[EventRounds "7"]
[EventType "team-swiss"]
[EventDate "2018.12.26"]

{unterminated} 1. e4 d5 2. exd5 Nf6 3. Nc3 Nxd5 4. Bc4 Be6 5. Qf3 c6 6. Nge2 g6
7. Nd4 Bg7 8. Nxe6 fxe6 9. O-O Nd7 10. Bb3 Qc7 11. Re1 Rf8 12. Qg3 Be5 13. Nxd5
exd5 14. Qh4 Rf5 15. g3 Qb6 16. Re2 Nf6 17. c3 O-O-O 18. Qh3 Kb8 19. d4 Bd6 20.
g4 Qb5 21. Re1 Nxg4 22. Qxg4 Rdf8 23. Be3 Rh5 24. f4 Qd3 25. Qe2 Qf5 26. Bc2
Qf6 27. Rf1 Qe6 28. Rae1 Rh3 29. Bf2 Qxe2 30. Rxe2 Rxf4 31. Bg3 Rg4 32. Kg2 Rh5
33. Kf3 Rgg5 34. Bxd6+ exd6 35. Ke3 Rh3+ 36. Rf3 Rxf3+ 37. Kxf3 Rg1 38. a3 Rf1+
39. Rf2 Re1 40. Re2 Rf1+ 41. Kg2 Rf7 42. Kg3 Kc7 43. Rf2 Re7 44. Kg4 Kd7 45.
Kg5 Ke8 46. Bd3 Kd7 47. Kf6 Re3 48. Bf1 Re4 49. Kg7 Rh4 50. Rf7+ Kc8 51. h3 g5
52. Kf6 h6 53. Ke6 Re4+ 54. Kxd6 Re8 55. Be2 Rd8+ 56. Ke7 Kc7 57. Bg4 Rh8 58.
Kf6+ Kb6 59. Kg7 Re8 60. Kxh6 1-0

[Event "DVM U20 2018"]
[Site "Osnabrück GER"]
[Date "2018.12.27"]
[Round "2"]
[White "Dalchow, Mario"]
[Black "Waibel, Christian"]
[Result "1/2-1/2"]
[Termination "normal"]
[Board "6.6"]
[WhiteElo "1621"]
[BlackElo "1654"]
[WhiteTeam "SC 1997 Lambsheim"]
[BlackTeam "SG Schwäbisch Gmünd"]
[PlyCount "43"]
[WhiteFideId "12971421"]
[BlackFideId "16217497"]
[EventCountry "GER"]
[EventRounds "7"]
[EventType "team-swiss"]
[EventDate "2018.12.26"]

1. e4 e5 2. Nf3 Nc6 3. Bc4 Bc5 4. c3 Nf6 5. d4 exd4 6. cxd4 Bb4+ 7. Bd2 Bxd2+
8. Nbxd2 d6 9. O-O O-O 10. h3 Nxe4 11. Nxe4 d5 12. Bxd5 Qxd5 13. Nc3 Qd6 14.
Qd2 Bf5 15. Rfe1 Rad8 16. Rad1 Ne7 17. Nb5 Qd7 18. Qa5 c6 19. Nc3 b6 20. Qe5
Nd5 21. Nxd5 Qxd5 22. Rc1 1/2-1/2